Statistiche per Top 10 Città più popolose Città Metropolitana di Cagliari

Clicka qui per fare il quiz!

Statistiche generali

  • Questo quiz è stato fatto 7 volte
  • Il punteggio medio è 5 su 10

Statistiche sulle risposte

Popolazione (ab.)Città% Corretto
148 881Cagliari
100%
28 501Selargius
71%
25 944Assemini
57%
23 172Capoterra
57%
9 358Elmas
57%
12 756Quartucciu
57%
684 30Quartu Sant'Elena
57%
20 676Sestu
43%
17 172Sinnai
29%
19 037Monserrato
14%

Distribuzione punteggi

Percentile per numero di risposta

Percentuale di utenti per punteggio

I tuoi punteggi nel tempo

Non hai fatto questo quiz